• 首页
  • 本馆介绍
  • 公告通知
  • 最新文献
  • 馆藏检索
  • 电子资源
  • 读者导购
  • 参考咨询
  • 我的图书馆
  • 登录
  • 详细信息显示
  • 放入我的书架
  • 预约/预借图书
  • 作者相关作品
  • 分类相关作品
  • 丛书相关作品
  • 出版社相关作品

书目信息

  • 表格格式
  • 工作单格式
  • 卡片格式
题名:
创建伟业
    
 
作者: 刘德军 , 张荣华 主编 ;陈士军 著
分册:   1989-2002
出版信息: 济南   济南出版社  2018
页数: 247页
开本: 24cm
丛书名:
单 册:
中图分类: D232
科图分类:
主题词:
电子资源:
ISBN: 978-7-5488-2885-3
000 01147nam0 2200253 450
001 012001005093
005 20141007142844.0
010    @a978-7-5488-2885-3@dCNY65.00
100    @a20180412d2018 em y0chiy50 ea
101 0  @achi
102    @aCN@b370000
105    @ay z 000yy
106    @ar
200 1  @a创建伟业@9chuang jian wei ye@e中国共产党成长发展史研究@i1989-2002@f刘德军,张荣华主编@g陈士军著
210    @a济南@c济南出版社@d2018
215    @a247页@d24cm
330    @a本书立足于中国共产党成长发展的光辉历程,以举什么旗、走什么路、坚持什么样的马克思主义为主题,以立党、固党、强党为主线,以中国共产党领导的中国革命、建设与改革开放伟业历史进程中的重大问题和重大事件为基点,阐述了中国共产党成长发展的历史轨迹与基本经验,揭示了“中国共产党是中国革命、建设和改革开放的坚强领导核心”的历史真谛,从而充分证明“中国共产党的领导是历史的选择、人民的选择”。
601 02 @a中国共产党@x党史@x研究@z1989-2002
690    @aD232@v5
701  0 @a刘德军@9liu de jun@f(1950-)@4主编
701  0 @a张荣华@9zhang rong hua@f(1961.3-)@4主编
702  0 @a陈士军@9chen shi jun@4著
801  0 @aCN@b上海新华@c20180901
905    @b1172589-93@dD232@e239@f5
    
    创建伟业:中国共产党成长发展史研究.1989-2002/刘德军,张荣华主编/陈士军著.-济南:济南出版社,2018
    247页;24cm
    
    
    ISBN 978-7-5488-2885-3:CNY65.00
    本书立足于中国共产党成长发展的光辉历程,以举什么旗、走什么路、坚持什么样的马克思主义为主题,以立党、固党、强党为主线,以中国共产党领导的中国革命、建设与改革开放伟业历史进程中的重大问题和重大事件为基点,阐述了中国共产党成长发展的历史轨迹与基本经验,揭示了“中国共产党是中国革命、建设和改革开放的坚强领导核心”的历史真谛,从而充分证明“中国共产党的领导是历史的选择、人民的选择”。
●
相关链接 在E读中查询图书 在五车中查询图书 在当当中查询图书 在豆瓣中查询图书


正题名:创建伟业     索取号:D232/239         预约/预借

序号 登录号 条形码 馆藏地/架位号 状态 备注
1 1172589   211725891   第一样本阅览室/ [索取号:D232/239] 在馆    
2 1172590   211725908   第一借阅区/ [索取号:D232/239] 在馆    
3 1172591   211725917   第一借阅区/ [索取号:D232/239] 在馆    
4 1172592   211725926   第一借阅区/ [索取号:D232/239] 在馆    
5 1172593   211725935   密集书库-史法系/ [索取号:D232/239] 在馆    
唐山师范学院图书馆 欢迎您!
大连网信软件有限公司© 版权所有